اتحاف المسلم بقصص صحيحة من البخاري ومسلم / (رقم التسجيلة. 135476)
[ عرض عادي ]
| 000 -الفاتح | |
|---|---|
| عناصر البيانات ثابتة الطول | 00865cam a2200205 i 4500 |
| 005 - تاريخ ووقت آخر معاملة | |
| حقل ضبط | 20251202074633.0 |
| 008 - عناصر البيانات ثابتة الطول | |
| عناصر البيانات ثابتة الطول | 250721s2015 ua gr 000 0 ara d |
| 082 14 - رقم تصنيف ديوي العشري | |
| رقم التصنيف | 213.63 |
| رقم المادة | ع ث م |
| 100 1# - مدخل رئيسي – اسم شخصي | |
| الاسم الشخصي | عثمان، اشرف احمد |
| علاقة الشخص بالعمل/ دوره | معد. |
| 245 10 - بيان العنوان | |
| العنوان | اتحاف المسلم بقصص صحيحة من البخاري ومسلم / |
| بيان المسؤولية | إعداد أشرف أحمد عثمان. |
| 264 31 - بيانات النشر، التوزيع…إلخ | |
| مكان النشر، التوزيع...إلخ | الاسكندرية : |
| اسم الناشر، الموزع...إلخ | دار الايمان للطبع والنشر والتوزيع، |
| تاريخ النشر، التوزيع...إلخ | 2015. |
| 264 31 - بيانات النشر، التوزيع…إلخ | |
| مكان النشر، التوزيع...إلخ | الاسكندرية : |
| اسم الناشر، الموزع...إلخ | دار القمة لتوزيع الكتب والشريط والسي دي، |
| تاريخ النشر، التوزيع...إلخ | 2015. |
| 300 ## - الوصف المادي | |
| عدد الوحدات المكونة للوعاء | 182 صفحة. |
| 650 17 - مدخل إضافي بالموضوع - مصطلح موضوعي | |
| مصطلح موضوعي أو اسم جغرافي كعنصر مدخل | الحديث الشريف. |
| 650 17 - مدخل إضافي بالموضوع - مصطلح موضوعي | |
| مصطلح موضوعي أو اسم جغرافي كعنصر مدخل | جوامع الحديث. |
| 650 17 - مدخل إضافي بالموضوع - مصطلح موضوعي | |
| مصطلح موضوعي أو اسم جغرافي كعنصر مدخل | صحيح البخاري. |
| 650 17 - مدخل إضافي بالموضوع - مصطلح موضوعي | |
| مصطلح موضوعي أو اسم جغرافي كعنصر مدخل | صحيح مسلم. |
| 942 ## - بيانات إضافية (كوها) | |
| نوع التنصيف | Dewey Decimal Classification |
| نوع المادة (كوها) | كتب |
| حالة السحب | حالة الفقدان | مصدر التصنيف | حالة التلف | غير قابل للإعارة | المكتبة الرئيسية | المكتبة الحالية | موقع الرف | تاريخ التزويد | الرقم المتسلسل | Total Checkouts | رقم الإستدعاء | الباركود | تاريخ آخر ظهور | تاريخ الفاتورة | نوع المادة (كوها) |
|---|---|---|---|---|---|---|---|---|---|---|---|---|---|---|---|
| Dewey Decimal Classification | المكتبة المركزية | المكتبة المركزية | الإعارة | 28/07/2025 | 1644768 | 213.63 / ع ث م | PLD00396776 | 28/07/2025 | 28/07/2025 | كتب | |||||
| Dewey Decimal Classification | مكتبة أبو علندا العامة | مكتبة أبو علندا العامة | الإعارة | 19/11/2016 | 1644770 | 213.63/عثم | PLD00399444 | 28/07/2025 | 19/11/2016 | كتب | |||||
| Dewey Decimal Classification | مكتبة الحسن العامة | مكتبة الحسن العامة | الإعارة | 19/11/2016 | 1644772 | 213.63/عثم | PLD00399446 | 28/07/2025 | 19/11/2016 | كتب | |||||
| Dewey Decimal Classification | مكتبة حمزة العامة | مكتبة حمزة العامة | الإعارة | 19/11/2016 | 1644769 | 213.63/عثم | PLD00399443 | 28/07/2025 | 19/11/2016 | كتب | |||||
| Dewey Decimal Classification | مكتبة صويلح العامة | مكتبة صويلح العامة | الإعارة | 19/11/2016 | 1644771 | 213.63/عثم | PLD00399445 | 28/07/2025 | 19/11/2016 | كتب |